<?xml version="1.0" encoding="UTF-8"?>
<record
    xmlns:xsi="http://www.w3.org/2001/XMLSchema-instance"
    xsi:schemaLocation="http://www.loc.gov/MARC21/slim http://www.loc.gov/standards/marcxml/schema/MARC21slim.xsd"
    xmlns="http://www.loc.gov/MARC21/slim">

  <leader>00713nam a22002177a 4500</leader>
  <controlfield tag="003">UA-OsUOA</controlfield>
  <controlfield tag="001"> 100554 </controlfield>
  <controlfield tag="007">ta</controlfield>
  <controlfield tag="008">20130528b un ||||| |||| 00| 0 ukr d</controlfield>
  <datafield tag="100" ind1=" " ind2=" ">
    <subfield code="a">&#x41A;&#x43E;&#x437;&#x430;&#x43A; &#x414;.&#x41D;.</subfield>
  </datafield>
  <datafield tag="090" ind1=" " ind2=" ">
    <subfield code="a">902</subfield>
    <subfield code="b">&#x41A;59</subfield>
  </datafield>
  <datafield tag="942" ind1=" " ind2=" ">
    <subfield code="c">SA</subfield>
  </datafield>
  <datafield tag="040" ind1=" " ind2=" ">
    <subfield code="a">UA-OsUOA</subfield>
    <subfield code="b">ukr</subfield>
    <subfield code="c">UA-OsUOA</subfield>
    <subfield code="d">UA-OsUOA</subfield>
  </datafield>
  <datafield tag="245" ind1=" " ind2=" ">
    <subfield code="a">&#x41F;&#x440;&#x43E;&#x431;&#x43B;&#x435;&#x43C;&#x430; &#x43A;&#x43E;&#x43D;&#x442;&#x430;&#x43A;&#x442;&#x456;&#x432; &#x434;&#x430;&#x432;&#x43D;&#x456;&#x445; &#x441;&#x43B;&#x43E;&#x432;'&#x44F;&#x43D; &#x456; &#x433;&#x435;&#x440;&#x43C;&#x430;&#x43D;&#x446;&#x456;&#x432; (&#x43F;&#x43E;&#x43C;&#x43E;&#x440;&#x441;&#x44C;&#x43A;&#x43E;-&#x43A;&#x43B;&#x44F;&#x448;&#x43E;&#x432;&#x430; &#x442;&#x430; &#x44F;&#x441;&#x442;&#x43E;&#x440;&#x444;&#x441;&#x44C;&#x43A;&#x430; &#x43A;&#x443;&#x43B;&#x44C;&#x442;&#x443;&#x440;&#x438; &#x43D;&#x430; &#x412;&#x43E;&#x43B;&#x438;&#x43D;&#x456;)</subfield>
  </datafield>
  <datafield tag="300" ind1=" " ind2=" ">
    <subfield code="a">&#x421;.76-85</subfield>
  </datafield>
  <datafield tag="955" ind1=" " ind2=" ">
    <subfield code="a">0</subfield>
  </datafield>
  <datafield tag="041" ind1=" " ind2=" ">
    <subfield code="a">ukr</subfield>
  </datafield>
  <datafield tag="080" ind1=" " ind2=" ">
    <subfield code="a">902</subfield>
  </datafield>
  <datafield tag="773" ind1="0" ind2=" ">
    <subfield code="w">100548</subfield>
    <subfield code="t">&#x410;&#x440;&#x445;&#x435;&#x43E;&#x43B;&#x43E;&#x433;&#x456;&#x44F;</subfield>
    <subfield code="d">&#x41A;.</subfield>
    <subfield code="d">2013</subfield>
    <subfield code="g">1</subfield>
  </datafield>
  <datafield tag="650" ind1=" " ind2="7">
    <subfield code="a">9 &#x413;&#x435;&#x43E;&#x433;&#x440;&#x430;&#x444;&#x456;&#x44F;. &#x411;&#x456;&#x43E;&#x433;&#x440;&#x430;&#x444;&#x456;&#x457;. &#x406;&#x441;&#x442;&#x43E;&#x440;&#x456;&#x44F;</subfield>
    <subfield code="2">UDC</subfield>
  </datafield>
  <datafield tag="999" ind1=" " ind2=" ">
    <subfield code="c">386605</subfield>
    <subfield code="d">386605</subfield>
  </datafield>
</record>
